BIBLIOTHÈQUE DE LA MAISON DU MEXIQUE

Logo 1 Logo 2

Viajeras anglosajonas en México (notice nᵒ 11639)

détails MARC
000 -Sello discográfico
campo de control de longitud fija 00805nam a2200289 4500
005 - Identificación de versión
campo de control 20251017062903.0
035 ## - Otros números de control del sistema
Número de control del sistema 7678
099 ## - fechas locales
Tipo de ítem Koha LIBRO
100 ## - Datos de procesamiento general
Datos de procesamiento general 20040915d1973 m y1spay5003 ba
105 ## - Campo de datos codificados: Material textual, monográfico
Datos codificados de monografía y 001zy
200 1# - Título y mención de responsabilidad
Título propio Viajeras anglosajonas en México
Designación general del material texto impreso
Otra información del título memorias
Primer mención de responsabilidad Alicia Diadiuk
205 ## - Declaración de edición
Declaración de edición 1a ed
210 ## - Publicación, distribución, etc.
Lugar de publicación, distribución, etc. México
Nombre del editor, distribuidor, etc. Secretaría de Educación Pública
Fecha de publicación, distribución, etc. 1973
215 ## - Descripción física
Designación de material específico y extensión del ítem 205 p
Dimensiones 17 cm
345 ## - Nota de información de adquisición
Fuente de adquisición/dirección de la suscripción [OBSOLETO] Donación
410 #1 - Series
Título SepSetentas
Número de volumen 62
607 ## - Nombre geográfico utilizado como tema
Elemento de entrada México
Subdivisión temática Descripción y viajes
Número Koha 1948
660 ## - Código de área geográfica
Código MX
700 ## - Nombre personal - Responsabilidad primaria
Elemento de entrada Diadiuk
Parte del nombre distinta del elemento de entrada Alicia
Número Koha 18302
801 #0 - Fuente de origen
Agencia cm
900 ## -
-- 1/7931
900 ## -
-- 7100419696\150904
942 ## - ELEMENTOS DE ENTRADA SECUNDARIOS (KOHA)
Tipo de ítem Koha Livre
996 ## -
-- MEX
-- 751145101
-- MMAG
-- 002981
-- 082 S479 V.62
-- 20200722LIV
Exemplaires
Estatus retirado Estado de daño Estado de pérdida Fecha de adquisición Biblioteca de origen Biblioteca actual Ubicación en estantería Código de barras Precio de reemplazo Signatura topográfica completa No para préstamo Tipo de ítem Koha Nota pública Nota no pública
      05/08/2025 Casa México Paris Casa México Paris   002981 05/08/2025 082 S479 V.62   Livre 20200722LIV 751145101